000 01020nam a2200277 a 4500
001 000017586
005 20250923111605.0
008 100329s1977 dr 000 0 spa d
040 _aDO-SdBNP
_bspa
_cBNPHU
082 _axxx
_bC731e
245 0 0 _aCombinación del estudio y el trabajo en la formación de los profesionales de la salud /
_cJosé A. Lloréns Figueroa... [et al.].
260 _aSanto Domingo :
_bUASD,
_c1977.
300 _a62 p. ;
_c21 cm.
490 1 _aUASD crítica
_v12
490 1 _aPublicaciones de la UASD
_v228
500 _aLa biblioteca poseeel v. 228
700 1 _aLloréns Figueroa, José A.
_938350
700 1 _aAraujo Bernal, Leopoldo
_938351
700 1 _aDouglas Pedroso, Roberto
_938352
700 1 _aPelayo González-Posada, Eduardo
_938353
700 1 _aOrdóñez Carceller, Cosmo
_938354
700 1 _aRodríguez Guerra, Emiliano
_938355
830 0 _aUASD crítica
_n12
_938356
830 _aPublicaciones de la Universidad Autónoma de Santo Domingo
_938357
049 _aBNPD
999 _c17111
_d17111